The Writer's digest guide to good writing.
| Format: | Book |
|---|---|
| Published: |
Cincinnati:
Writer's Digest Books,
1995.
|
| Subjects: |
| LEADER | 00410cam a2200145 7i4500 | ||
|---|---|---|---|
| 001 | 0000003999 | ||
| 005 | 19991025090000.0 | ||
| 002 | ##000005442 | ||
| 020 | 0 | 0 | |a 0-89879-640-7 |
| 090 | 0 | 0 | |a B 808.02 |b WRI |
| 245 | 0 | 0 | |a The Writer's digest guide to good writing. |
| 260 | 0 | 0 | |a Cincinnati: |b Writer's Digest Books, |c 1995. |
| 300 | 0 | 0 | |a 338 p.. |
| 650 | 0 | 0 | |a Authorship |
| 999 | |a 0000006500 |b Book |c Open shelf |e Business Information Centre | ||


